[Event "Kemer Turkey Cup"]
[Site "Kemer"]
[Date "2014.02.04"]
[Round "5"]
[White "Sulak, Yusuf"]
[Black "Boz, Fatih Emre"]
[Result "1-0"]
[WhiteElo "1711"]
[BlackElo "1510"]
[PlyCount "66"]
[EventDate "2014.02.01"]
[EventType "swiss"]
[EventRounds "9"]
[EventCountry "TUR"]
[SourceTitle "CBM 158 Extra"]
[Source "ChessBase"]
[SourceDate "2014.02.28"]
[SourceVersion "1"]
[SourceVersionDate "2014.02.28"]
[SourceQuality "1"]

1. e4 e5 2. Nf3 d6 3. Bc4 Nc6 4. c3 Bg4 5. d4 Nf6 6. Qa4 Bxf3 7. gxf3 exd4 8. cxd4 d5 9. Bb5 Qd7 10. e5 Ng8 11. Nc3 Bb4 12. Bd2 Bxc3 13. Bxc3 Nge7 14. Rc1 Qf5 15. Rg1 0-0 16. Rg3 a6 17. Bf1 Ng6 18. Qb3 Qf4 19. Rd1 Ngxe5 20. dxe5 d4 21. Rg4 Qxe5+ 22. Re4 Qxh2 23. Bxd4 Nxd4 24. Rdxd4 b5 25. Qe3 Qh5 26. Re5 Qg6 27. Bd3 Qg1+ 28. Ke2 Qa1 29. Rg5 Qxb2+ 30. Kf1 g6 31. Rh4 Qg7 32. Qc5 Rad8 33. Be2 Rd6 1-0

[Event "Kemer Turkey Cup"]
[Site "Kemer"]
[Date "2014.02.01"]
[Round "1"]
[White "Sulak, Yusuf"]
[Black "Onal, Umut"]
[Result "1/2-1/2"]
[WhiteElo "1711"]
[BlackElo "1518"]
[PlyCount "115"]
[EventDate "2014.02.01"]
[EventType "swiss"]
[EventRounds "9"]
[EventCountry "TUR"]
[SourceTitle "CBM 158 Extra"]
[Source "ChessBase"]
[SourceDate "2014.02.28"]
[SourceVersion "1"]
[SourceVersionDate "2014.02.28"]
[SourceQuality "1"]

1. e4 c5 2. Nc3 e6 3. g3 a6 4. Bg2 Qc7 5. d3 d6 6. f4 Nc6 7. Nf3 b5 8. 0-0 b4 9. Ne2 Nf6 10. Be3 Be7 11. h3 0-0 12. g4 d5 13. e5 Nd7 14. Ng3 f6 15. d4 cxd4 16. Nxd4 Nxd4 17. Bxd4 fxe5 18. fxe5 Nxe5 19. Rxf8+ Bxf8 20. Bf2 Bc5 21. Qe2 Bxf2+ 22. Kxf2 Bd7 23. Re1 Qc5+ 24. Qe3 Rf8+ 25. Kg1 Qxe3+ 26. Rxe3 Nc4 27. Rb3 a5 28. Bf1 Nd2 29. Re3 Nxf1 30. Nxf1 d4 31. Re5 Rc8 32. Re2 Bb5 33. Rxe6 Bxf1 34. Kxf1 Rxc2 35. Ra6 Rxb2 36. Rxa5 Kf7 37. a4 bxa3 38. Rxa3 Rb6 39. Rd3 Rd6 40. Kf2 Kf6 41. Kf3 Ke5 42. Rd1 Rf6+ 43. Ke2 Ke4 44. Ra1 d3+ 45. Kd2 Rf2+ 46. Ke1 Rh2 47. Ra7 Rxh3 48. Rxg7 Re3+ 49. Kd1 Rh3 50. Kd2 Rh2+ 51. Kd1 Kf3 52. g5 Kf4 53. g6 hxg6 54. Rxg6 Ke3 55. Re6+ Kf4 56. Re8 Kf3 57. Re7 Rh4 58. Kd2 1/2-1/2